<?xml version="1.0" encoding="UTF-8"?>
<record
    xmlns:xsi="http://www.w3.org/2001/XMLSchema-instance"
    xsi:schemaLocation="http://www.loc.gov/MARC21/slim http://www.loc.gov/standards/marcxml/schema/MARC21slim.xsd"
    xmlns="http://www.loc.gov/MARC21/slim">

  <leader>02389nam a2200313 a 4500</leader>
  <controlfield tag="001">000000755</controlfield>
  <controlfield tag="003">DO-SdBNP</controlfield>
  <controlfield tag="005">20250401135254.0</controlfield>
  <controlfield tag="007">ta</controlfield>
  <controlfield tag="008">090509s2004    dr            000 0 spa d</controlfield>
  <datafield tag="020" ind1=" " ind2=" ">
    <subfield code="a">9993404535</subfield>
  </datafield>
  <datafield tag="040" ind1=" " ind2=" ">
    <subfield code="a">DO-SdBNP</subfield>
    <subfield code="b">spa</subfield>
    <subfield code="c">BNPHU</subfield>
  </datafield>
  <datafield tag="082" ind1=" " ind2="4">
    <subfield code="a">324.27293</subfield>
    <subfield code="b">J96p, 2004</subfield>
    <subfield code="2">22</subfield>
  </datafield>
  <datafield tag="100" ind1="1" ind2=" ">
    <subfield code="a">Justo Duarte, Amaury,</subfield>
    <subfield code="d">1942-</subfield>
    <subfield code="9">8575</subfield>
  </datafield>
  <datafield tag="245" ind1="1" ind2="0">
    <subfield code="a">Partidos pol&#xED;ticos en la sociedad dominicana 1844-2004 /</subfield>
    <subfield code="c">Amaury Justo Duarte.</subfield>
  </datafield>
  <datafield tag="250" ind1=" " ind2=" ">
    <subfield code="a">2a. ed.</subfield>
  </datafield>
  <datafield tag="260" ind1=" " ind2=" ">
    <subfield code="a">Santo Domingo :</subfield>
    <subfield code="b">B&#xFA;ho,</subfield>
    <subfield code="c">2004.</subfield>
  </datafield>
  <datafield tag="300" ind1=" " ind2=" ">
    <subfield code="a">381 p. ;</subfield>
    <subfield code="c">23 cm.</subfield>
  </datafield>
  <datafield tag="500" ind1=" " ind2=" ">
    <subfield code="a">Incluye datos  biogr&#xE1;ficos del autor en la solapa de la cubierta </subfield>
  </datafield>
  <datafield tag="500" ind1=" " ind2=" ">
    <subfield code="a">Incluye referencias bibliogr&#xE1;ficas y notas al pie de las p&#xE1;ginas</subfield>
  </datafield>
  <datafield tag="504" ind1=" " ind2=" ">
    <subfield code="a">Bibliograf&#xED;a : p. 377-381</subfield>
  </datafield>
  <datafield tag="505" ind1="2" ind2=" ">
    <subfield code="a">Introducci&#xF3;n general --</subfield>
    <subfield code="g">Primera Parte.</subfield>
    <subfield code="t">(1844-1899) --</subfield>
    <subfield code="t">Resumen --</subfield>
    <subfield code="t">Las organizaciones pol&#xED;ticas en la Primera Rep&#xFA;blica --</subfield>
    <subfield code="t">Las organizaciones pol&#xED;ticas despu&#xE9;s de la restauraci&#xF3;n -- .</subfield>
    <subfield code="g">Segunda Parte.</subfield>
    <subfield code="t">(1900-1930) --</subfield>
    <subfield code="t">Resumen --</subfield>
    <subfield code="t">Las organizaciones pol&#xED;ticas a principios del siglo XX --</subfield>
    <subfield code="t">Las organizaciones pol&#xED;ticas durante la ocupaci&#xF3;n militar (1916-1924) --</subfield>
    <subfield code="t">Las organizaciones pol&#xED;ticas en el gobierno de Horacio Vasquez (1924-1930) --</subfield>
    <subfield code="g">Tercera Parte.</subfield>
    <subfield code="t">(1930-1961) --</subfield>
    <subfield code="t">Resumen --</subfield>
    <subfield code="t">Las organizaciones pol&#xED;ticas en la dictadura de Trujillo (1930-1961) --</subfield>
    <subfield code="g">Cuarta Parte.</subfield>
    <subfield code="t">1961-1965 --</subfield>
    <subfield code="t">Resumen --</subfield>
    <subfield code="t">Las organizaciones pol&#xED;ticas a la caida de la dictadura -- La corriente conservada --</subfield>
    <subfield code="t">La corriente liberal --</subfield>
    <subfield code="t">Otros grupos pol&#xED;ticos liberales --</subfield>
    <subfield code="t">La corriente revolucionaria--</subfield>
    <subfield code="g">Quinta Parte.</subfield>
    <subfield code="t">(1965-1978) --</subfield>
    <subfield code="t">Resumen --</subfield>
    <subfield code="t">Las organizaciones pol&#xED;ticas a partir de la intervenci&#xF3;n norteamericana --</subfield>
    <subfield code="t">La corriente conservadora --</subfield>
    <subfield code="t">La corriente liberal --</subfield>
    <subfield code="t">La corriente revolucionaria --</subfield>
    <subfield code="t">Sexta Parte.</subfield>
    <subfield code="t">(1978-1998) --</subfield>
    <subfield code="t">Resumen --</subfield>
    <subfield code="t">Las organizaciones pol&#xED;ticas desde el gobierno de Antonio Guzm&#xE1;n hasta el r&#xE9;gimen de Leonel Fern&#xE1;ndez --</subfield>
    <subfield code="t">La corriente conservadora --</subfield>
    <subfield code="t">La corriente liberal --</subfield>
    <subfield code="t">La corriente revolucionaria --</subfield>
    <subfield code="t">Bibliograf&#xED;a --</subfield>
    <subfield code="t">&#xCD;ndice general.</subfield>
  </datafield>
  <datafield tag="590" ind1=" " ind2=" ">
    <subfield code="a">Inventariado, 2020/VM</subfield>
  </datafield>
  <datafield tag="650" ind1=" " ind2="4">
    <subfield code="a">Partidos pol&#xED;ticos</subfield>
    <subfield code="z">Rep&#xFA;blica Dominicana</subfield>
    <subfield code="y">1844-2004</subfield>
    <subfield code="9">2583</subfield>
  </datafield>
  <datafield tag="651" ind1=" " ind2="4">
    <subfield code="a">Rep&#xFA;blica Dominicana</subfield>
    <subfield code="x">Pol&#xED;tica y gobierno</subfield>
    <subfield code="y">1844-2004</subfield>
    <subfield code="9">2584</subfield>
  </datafield>
  <datafield tag="651" ind1=" " ind2="4">
    <subfield code="a">Rep&#xFA;blica Dominicana</subfield>
    <subfield code="x">Historia</subfield>
    <subfield code="y">1844-2004</subfield>
    <subfield code="9">2585</subfield>
  </datafield>
  <datafield tag="910" ind1=" " ind2=" ">
    <subfield code="a">VMateo /Validado. Control de calidad MFF</subfield>
  </datafield>
  <datafield tag="942" ind1=" " ind2=" ">
    <subfield code="2">ddc</subfield>
    <subfield code="c">LBS1</subfield>
  </datafield>
  <datafield tag="952" ind1=" " ind2=" ">
    <subfield code="0">0</subfield>
    <subfield code="1">0</subfield>
    <subfield code="2">ddc</subfield>
    <subfield code="5">1</subfield>
    <subfield code="7">0</subfield>
    <subfield code="8">PD</subfield>
    <subfield code="a">BNPHU</subfield>
    <subfield code="b">BNPHU</subfield>
    <subfield code="c">HD</subfield>
    <subfield code="d">2009-08-25</subfield>
    <subfield code="i"> </subfield>
    <subfield code="o">BNPHU PD 324.27293 J96p 2004</subfield>
    <subfield code="p">755-10</subfield>
    <subfield code="r">2020-06-25</subfield>
    <subfield code="w">2020-06-25</subfield>
    <subfield code="y">LBS1</subfield>
  </datafield>
  <datafield tag="999" ind1=" " ind2=" ">
    <subfield code="c">751</subfield>
    <subfield code="d">751</subfield>
  </datafield>
</record>
